000 nam a22 a 4500
999 _c390816
_d390816
003 BLK
005 20221208031024.0
008 180410b bul|||||r ||||||| ||bul||
010 _aKNG00168485000
040 _aBLK
041 _aFRE
_cFRE
072 7 _2bullib
_aЦ
_xРедки и ценни
080 _aДруги видове терапия. Биоенерготерапия.
_b615.85
_z615.85
100 _aBinet, Alfred
_eпърви автор
_9323951
139 _aBinet, Alfred et al.
245 1 0 _aLe magnétisme animal
_cAlfred Binet, Ch. Fere.
257 _aFRA
260 _aParis
_bFelix Alcan
_c1887
_9217876
300 _a284, 32 p.
_c21 см
380 _a61
490 _aКолекция Редки и ценни издания
_9435080
650 7 _aТерапия
_9173512
653 0 _aмесмеризъм
_9435738
659 _aЦ
700 _aFere, Ch.
_eсъавт.
_91445
852 _aРф 887
_bРц
856 4 _qpdf
856 4 _qpdf
942 _cKNG
_n0
_s1
944 _aCR
_c2020-10-29
_kТД
944 _aED
_c09.12.2014
_kХристина_Везирева
999 _d390816
999 _d161179
999 _d161179
999 _d161179
999 _d161179